| 000 | 00854pam a2200277 a 4500 | ||
|---|---|---|---|
| 999 |
_c8701 _d8701 |
||
| 001 | 8701 | ||
| 003 | BD-JhCC | ||
| 005 | 20180301124248.0 | ||
| 008 | 180301s1995 nyua b 001 0 eng | ||
| 020 | _a0471505323 (acidfree paper) | ||
| 035 | _a(BD-JhCC)8701 | ||
| 040 |
_aDLC _cDLC _dDLC _dBD-JhCC |
||
| 041 | _aeng | ||
| 050 | 0 | 0 |
_aQD151.2 _b.C69 1995 |
| 082 | 0 | 0 |
_a546 _220 _bCOT 1995 |
| 100 | 1 |
_aCotton, F. Albert _q(Frank Albert), _d1930-2007. |
|
| 245 | 1 | 0 |
_aBasic inorganic chemistry / _cF. Albert Cotton, Geoffrey Wilkinson, Paul L. Gaus. |
| 250 | _a3rd ed. | ||
| 260 |
_aNew York : _bJ. Wiley, _cc1995. |
||
| 300 |
_axii, 838 p. : _bill. ; _c26 cm. |
||
| 504 | _aIncludes bibliographical references and index. | ||
| 650 | 0 | _aChemistry, Inorganic. | |
| 700 | 1 |
_aWilkinson, Geoffrey, _d1921-1996. |
|
| 700 | 1 | _aGaus, Paul L. | |
| 942 |
_2ddc _cBK |
||